Ako sa rodí umenie slova Na slovíčko so zaslúžilým umelcom B. Hečkom

Bibliographic Details
Main Authors: Stenchláková, Nela (Author), Hečko, Blahoslav, 1915-2002 (Author)
Format: Article
Language:Slovak
Subjects:

MARC

LEADER 00000nab a2200000 a 4500
001 vtls000227182
003 SK-MaSNL
005 20260302213023.0
008 160215c1985 xo 0 slo
015 |a SNBRB19rr/mm-uuuuu 
035 |a CL0237296 
040 |a SNKBUCL  |b slo  |c SNKBUCL  |e AACR2 
041 0 |a slo 
044 |a xo  |c SK 
080 |a 82:929:885.4  |2 1981 
080 |a 929  |2 1981 
080 |a 885.4  |2 1981 
080 |a 929 Hečko, Blahoslav  |2 1981 
100 1 |a Stenchláková, Nela  |4 aut  |9 890384 
245 1 0 |a Ako sa rodí umenie slova  |b Na slovíčko so zaslúžilým umelcom B. Hečkom  |c Nela Stenchláková, Blahoslav Hečko 
600 1 7 |a Hečko, Blahoslav,  |d 1915-2002  |2 snkbucl  |9 105189 
655 7 |a články z novín a časopisov  |2 snkbucl  |9 267496 
655 7 |a články z odboru literárna veda a krásna literatúra  |2 snkbucl  |9 770045 
700 1 |a Hečko, Blahoslav,  |d 1915-2002  |4 aut  |9 105189 
773 0 |t Práca  |g Roč. 40, č. 223 (21. 9. 1985), s. 6 
850 |a Slovenská národná knižnica v Martine  |a MTA001 
852 |a SNK  |b KIS3GCP 
958 |a BX 
958 |a RK 
958 |a LX 
992 |a RBX 
999 |c 1491766  |d 1493696